<?xml version='1.0' encoding='UTF-8'?>
  <record xmlns="http://www.loc.gov/MARC21/slim">
    <leader>00000cec a22000007i 4500</leader>
    <controlfield tag="001">ocn967544455</controlfield>
    <controlfield tag="003">OCoLC</controlfield>
    <controlfield tag="005">20240202180208.2</controlfield>
    <controlfield tag="008">051031s1693    ne        e     0   dut d</controlfield>
    <datafield tag="040" ind1=" " ind2=" ">
      <subfield code="a">QGJ</subfield>
      <subfield code="b">dut</subfield>
      <subfield code="c">QGJ</subfield>
      <subfield code="d">QGJ</subfield>
      <subfield code="d">OCLCF</subfield>
      <subfield code="d">OCLCO</subfield>
      <subfield code="d">OCLCL</subfield>
    </datafield>
    <datafield tag="035" ind1=" " ind2=" ">
      <subfield code="a">(OCoLC)967544455</subfield>
    </datafield>
    <datafield tag="041" ind1=" " ind2=" ">
      <subfield code="a">dut</subfield>
    </datafield>
    <datafield tag="084" ind1=" " ind2=" ">
      <subfield code="a">74.17</subfield>
      <subfield code="2">bcl</subfield>
    </datafield>
    <datafield tag="245" ind1="0" ind2="0">
      <subfield code="a">[Kaartboek van de Atlantische Oceaan en de Middellandse Zee] /</subfield>
      <subfield code="c">[C.J. Voogt geometra].</subfield>
    </datafield>
    <datafield tag="246" ind1="1" ind2=" ">
      <subfield code="a">Pas-Caerte van Texel tot aende Hoofden, begrypende in sich de zee-custen van Vriesland, Holland, Zeeland, Flaenderen, ende Oost-cust van Engeland</subfield>
    </datafield>
    <datafield tag="246" ind1="1" ind2=" ">
      <subfield code="a">Canaal tusschen Engeland en Vrancryck</subfield>
    </datafield>
    <datafield tag="246" ind1="1" ind2=" ">
      <subfield code="a">Pas-kaart van de Bocht van Vrankryk Biscaien en Galissen ...</subfield>
    </datafield>
    <datafield tag="246" ind1="1" ind2=" ">
      <subfield code="a">Nieuwe pascaart van het Canaal tot de custen van Barbarien, en Canarische en Flaemsche eylanden</subfield>
    </datafield>
    <datafield tag="246" ind1="1" ind2=" ">
      <subfield code="a">Niewe Paskaart van t'opkomen der Straat Gibraltar beslote tussen de kusten van Algarve, Andalusia, Barbaria en Marocco van C. S. Vincent tot C. Cantin</subfield>
    </datafield>
    <datafield tag="246" ind1="1" ind2=" ">
      <subfield code="a">Pas-caart van de Middellandsche Zee, verthoonende alle de zee-kusten van Granaden, Catalonien, Provençen, Italien, Griecken, Thraçien, Natolien, Syrien, Egypten, en Barbaryen</subfield>
    </datafield>
    <datafield tag="246" ind1="1" ind2=" ">
      <subfield code="a">Haaven-kaart van eenige voornaamste haavens leggende in de Middel-Landsche Zee en Archipelago</subfield>
    </datafield>
    <datafield tag="246" ind1="1" ind2=" ">
      <subfield code="a">Nieuwe paskaart van de kust van Hispania, van 't Klif tot aan Velez Malaga als mede de Kust van Barbaria van Larache tot Belis</subfield>
    </datafield>
    <datafield tag="246" ind1="1" ind2=" ">
      <subfield code="a">Pascaart van de zee kusten van Granada en Murcia, tusschen Velez Malaga en C. S. Martin als meede de Barbarische Zee-Kusten tusschen Penon de Veles en C. Ivy</subfield>
    </datafield>
    <datafield tag="246" ind1="1" ind2=" ">
      <subfield code="a">Paskaart voor een gedeelte der kust van Barbaria van C. Ivi tot Bona en de kust van Catalonia van Peniscola tot Mataro, als mede de eylanden Yuica, Majorca en Minorca</subfield>
    </datafield>
    <datafield tag="246" ind1="1" ind2=" ">
      <subfield code="a">Paskaart van de zee-kusten van Valence, Catalonien, Languedocq en Provence tusschen C. S. Martin en C. de Toulon met de eylanden Yvica, Majorca en Minorca</subfield>
    </datafield>
    <datafield tag="260" ind1=" " ind2=" ">
      <subfield code="a">'T Amsterdam :</subfield>
      <subfield code="b">by Johannis van Keulen,</subfield>
      <subfield code="c">[ca. 1693]</subfield>
    </datafield>
    <datafield tag="300" ind1=" " ind2=" ">
      <subfield code="a">11 gebonden krt. :</subfield>
      <subfield code="b">kopergrav. ;</subfield>
      <subfield code="c">elke krt. 52 x 59 cm</subfield>
    </datafield>
    <datafield tag="336" ind1=" " ind2=" ">
      <subfield code="a">cartographic image</subfield>
      <subfield code="b">cri</subfield>
      <subfield code="2">rdacontent</subfield>
    </datafield>
    <datafield tag="337" ind1=" " ind2=" ">
      <subfield code="a">unmediated</subfield>
      <subfield code="b">n</subfield>
      <subfield code="2">rdamedia</subfield>
    </datafield>
    <datafield tag="338" ind1=" " ind2=" ">
      <subfield code="a">sheet</subfield>
      <subfield code="b">nb</subfield>
      <subfield code="2">rdacarrier</subfield>
    </datafield>
    <datafield tag="500" ind1=" " ind2=" ">
      <subfield code="a">Bevat: Pas caerte van Texel tot aende Hoofden ...; Het Canaal tusschen Engeland en Vrancryck; Pas-kaart van de Bocht van Vrankryk Biscaien en Galissen ...; Nieuwe pascaart van het Canaal tot de custen van Barbarien, en Canarische en Flaemsche eylanden; Niewe Paskaart van t'opkomen der Straat Gibraltar beslote tussen de kusten van Algarve, Andalusia, Barbaria en Marocco van C. S. Vincent tot C. Cantin; Pas-caart van de Middellandsche Zee ...; Haaven-kaart van eenige voornaamste haavens leggende in de Middel-Landsche Zee en Archipelago; Nieuwe paskaart van de kust van Hispania ...; Pascaart van de zee kusten van Granada en Murcia ...; Paskaart ... van Barbaria ... Catalonia ...; Paskaart ... van Valence, Catalonien, Languedocq en Provence ...</subfield>
    </datafield>
    <datafield tag="500" ind1=" " ind2=" ">
      <subfield code="a">Zie: 'Toonneel des Aerdrijcx', nr. 20.</subfield>
    </datafield>
    <datafield tag="651" ind1=" " ind2="0">
      <subfield code="a">Atlantic Ocean.</subfield>
    </datafield>
    <datafield tag="651" ind1=" " ind2="0">
      <subfield code="a">Mediterranean Region.</subfield>
    </datafield>
    <datafield tag="651" ind1=" " ind2="0">
      <subfield code="a">Mediterranean Sea.</subfield>
    </datafield>
    <datafield tag="651" ind1=" " ind2="6">
      <subfield code="a">Atlantique, Océan.</subfield>
    </datafield>
    <datafield tag="651" ind1=" " ind2="7">
      <subfield code="a">Atlantic Ocean</subfield>
      <subfield code="2">fast</subfield>
    </datafield>
    <datafield tag="651" ind1=" " ind2="7">
      <subfield code="a">Mediterranean Region</subfield>
      <subfield code="2">fast</subfield>
    </datafield>
    <datafield tag="651" ind1=" " ind2="7">
      <subfield code="a">Mediterranean Sea</subfield>
      <subfield code="2">fast</subfield>
    </datafield>
    <datafield tag="651" ind1=" " ind2="7">
      <subfield code="a">Atlantische Oceaan.</subfield>
      <subfield code="0">(NL-LeOCL)078439892.</subfield>
      <subfield code="2">gtt</subfield>
    </datafield>
    <datafield tag="651" ind1=" " ind2="7">
      <subfield code="a">Middellandse Zee.</subfield>
      <subfield code="0">(NL-LeOCL)078590744.</subfield>
      <subfield code="2">gtt</subfield>
    </datafield>
    <datafield tag="655" ind1=" " ind2="7">
      <subfield code="a">Composite atlases</subfield>
      <subfield code="2">fast</subfield>
    </datafield>
    <datafield tag="655" ind1=" " ind2="7">
      <subfield code="a">Nautical charts</subfield>
      <subfield code="2">fast</subfield>
    </datafield>
    <datafield tag="655" ind1=" " ind2="7">
      <subfield code="a">Composite atlases.</subfield>
      <subfield code="2">lcgft</subfield>
    </datafield>
    <datafield tag="655" ind1=" " ind2="7">
      <subfield code="a">Nautical charts.</subfield>
      <subfield code="2">lcgft</subfield>
    </datafield>
    <datafield tag="655" ind1=" " ind2="7">
      <subfield code="a">Atlas factices.</subfield>
      <subfield code="2">rvmgf</subfield>
    </datafield>
    <datafield tag="655" ind1=" " ind2="7">
      <subfield code="a">Cartes nautiques.</subfield>
      <subfield code="2">rvmgf</subfield>
    </datafield>
    <datafield tag="700" ind1="1" ind2=" ">
      <subfield code="a">Keulen, Johannes van</subfield>
      <subfield code="q">(Johannes),</subfield>
      <subfield code="d">1654-1715.</subfield>
      <subfield code="4">pbl</subfield>
      <subfield code="4">bsl</subfield>
    </datafield>
    <datafield tag="700" ind1="1" ind2=" ">
      <subfield code="a">Vooght, Claas Jansz</subfield>
      <subfield code="q">(Claes Jansz),</subfield>
      <subfield code="d">-1696.</subfield>
      <subfield code="4">ctg</subfield>
    </datafield>
    <datafield tag="758" ind1=" " ind2=" ">
      <subfield code="a">[Kaartboek van de Middellandse Zee] (CartographicMaterial)</subfield>
      <subfield code="1">https://id.oclc.org/worldcat/entity/E39PD3WFRQKhHWhbFdxWDjJkpd</subfield>
      <subfield code="4">https://id.oclc.org/worldcat/ontology/hasWork</subfield>
    </datafield>
  </record>